[Event "Itzehoe op"]
[Site "Itzehoe"]
[Date "2022.10.01"]
[Round "1"]
[White "Fuhrmann, Jeppe"]
[Black "Colbow, Collin"]
[Result "0-1"]
[WhiteElo "1403"]
[BlackElo "2379"]
[PlyCount "32"]
[EventDate "2022.10.01"]
[EventType "swiss"]
[EventRounds "5"]
[EventCountry "GER"]
[SourceTitle "CBM 210 Extra"]
[Source "ChessBase"]
[SourceDate "2022.11.30"]
[SourceVersion "1"]
[SourceVersionDate "2022.11.30"]
[SourceQuality "1"]

1. e4 c5 2. Nf3 e6 3. d4 cxd4 4. Nxd4 Nc6 5. Be2 Qc7 6. f4 a6 7. a4 Nf6 8. Nc3 Bb4 9. Bf3 d6 10. Be3 Na5 11. Qd3 Nc4 12. Ra2 Nxb2 13. Rxb2 Bxc3+ 14. Kf2 Bxb2 15. Ne2 Nd7 16. Qb3 Bf6 0-1

[Event "Blankenese op 3rd"]
[Site "Hamburg"]
[Date "2019.10.03"]
[Round "2"]
[White "Fuhrmann, Jeppe"]
[Black "Michelitsch, Mario"]
[Result "0-1"]
[WhiteElo "1229"]
[BlackElo "1620"]
[PlyCount "90"]
[EventDate "2019.10.03"]
[EventType "swiss"]
[EventRounds "7"]
[EventCountry "GER"]
[SourceTitle "EXT 2023"]
[Source "ChessBase"]
[SourceDate "2022.10.05"]
[SourceVersion "1"]
[SourceVersionDate "2022.10.05"]
[SourceQuality "1"]

1. e4 c6 2. d4 d5 3. Nc3 dxe4 4. Nxe4 Bf5 5. Ng3 Bg6 6. Nf3 Nd7 7. h4 h6 8. Bf4 Ngf6 9. Bc4 e6 10. Qd2 Nb6 11. Bb3 a5 12. a4 Nbd5 13. Be5 Nd7 14. h5 Nxe5 15. Nxe5 Bh7 16. 0-0 Be7 17. Nf3 0-0 18. c3 Bd6 19. Bc2 Bxc2 20. Qxc2 Bxg3 21. c4 Nb4 22. Qe4 Bc7 23. Rae1 Qf6 24. g4 Qf4 25. Qxf4 Bxf4 26. Re4 Bc7 27. Kh1 Rad8 28. Nh4 Rfe8 29. f4 Bd6 30. g5 Be7 31. Rg1 Nd3 32. Kh2 Kh8 33. Nf3 Bd6 34. Ne5 Bxe5 35. fxe5 hxg5 36. Rxg5 Nxb2 37. Rf4 Rd7 38. Rh4 Nxc4 39. h6 g6 40. Rg3 Nb6 41. Rf3 Kh7 42. Rhf4 Rf8 43. Rf6 Kxh6 44. Rxe6 fxe6 45. Rxf8 Nxa4 0-1

[Event "Blankenese op 3rd"]
[Site "Hamburg"]
[Date "2019.10.03"]
[Round "1"]
[White "Gruen, Christian"]
[Black "Fuhrmann, Jeppe"]
[Result "1-0"]
[WhiteElo "1837"]
[BlackElo "1229"]
[PlyCount "87"]
[EventDate "2019.10.03"]
[EventType "swiss"]
[EventRounds "7"]
[EventCountry "GER"]
[SourceTitle "EXT 2023"]
[Source "ChessBase"]
[SourceDate "2022.10.05"]
[SourceVersion "1"]
[SourceVersionDate "2022.10.05"]
[SourceQuality "1"]

1. d4 Nf6 2. Nf3 e6 3. Bf4 d5 4. e3 Nbd7 5. Nbd2 Be7 6. h3 a6 7. Bd3 c5 8. c3 Qb6 9. Qc2 c4 10. Be2 Bd6 11. Ne5 Qc7 12. Ndf3 Ne4 13. Nxc4 Bxf4 14. exf4 Qxf4 15. Ne3 Ndf6 16. g3 Qc7 17. Bd3 Bd7 18. Ne5 g6 19. a3 b5 20. g4 Bc6 21. f3 Nd6 22. Qe2 Nc4 23. f4 Nd7 24. 0-0-0 Ndb6 25. Nxc6 Qxc6 26. f5 Kd7 27. Nc2 Rhe8 28. Qf3 Nd6 29. Rde1 Na4 30. Nb4 Qb6 31. Bc2 a5 32. Nd3 Rab8 33. Re2 Re7 34. Rhe1 Nb7 35. Nf4 Nd8 36. Nxd5 Qc6 37. Be4 Qd6 38. Nxe7 Kxe7 39. Bc2 Nb6 40. Bb3 Nc4 41. Bxc4 bxc4 42. d5 g5 43. f6+ Kd7 44. dxe6+ 1-0

[Event "Hamburg-chB"]
[Site "Hamburg"]
[Date "2018.05.26"]
[Round "6"]
[White "Fuhrmann, Jeppe"]
[Black "Echt, Pascal"]
[Result "1-0"]
[WhiteElo "1073"]
[BlackElo "1170"]
[PlyCount "58"]
[EventDate "2018.05.19"]
[EventType "swiss"]
[EventRounds "7"]
[EventCountry "GER"]
[SourceTitle "EXT 2020"]
[Source "ChessBase"]
[SourceDate "2019.10.17"]
[SourceVersion "1"]
[SourceVersionDate "2019.10.17"]
[SourceQuality "1"]

1. e4 e5 2. Nf3 Nc6 3. Bc4 Bc5 4. c3 Nf6 5. d3 d6 6. b4 Bb6 7. 0-0 0-0 8. Re1 Ne7 9. Nbd2 Ng6 10. Nf1 Be6 11. Bb3 Ng4 12. d4 Qe7 13. Bc2 h6 14. h3 Nf6 15. Ng3 Rad8 16. Be3 Bc8 17. Bd3 c6 18. Qc2 Rfe8 19. Rad1 Bc7 20. dxe5 dxe5 21. a3 a6 22. Rd2 Be6 23. Qc1 Rd7 24. Red1 Red8 25. Bc2 Rxd2 26. Bxd2 Kh7 27. Re1 Ne8 28. Nf5 Bxf5 29. exf5 Nh4 1-0